[Event "FIDE WCC Blitz Women 2019"]
[Site "Moscow"]
[Date "2019.12.29"]
[Round "3.52"]
[White "Garifullina, Leya"]
[Black "Styazhkina, Anna"]
[Result "1-0"]
[WhiteElo "2267"]
[BlackElo "2159"]
[Annotator "NA"]
[PlyCount "93"]
[EventDate "2019.12.29"]
[EventType "swiss"]
[EventCountry "RUS"]
[SourceTitle "playchess.com"]
[Source "ChessBase"]
[SourceQuality "1"]

1. e4 e5 2. Nf3 Nc6 3. Bb5 a6 4. Ba4 g6 5. d4 exd4 6. Nxd4 Bg7 7. Nxc6 bxc6 8. O-O Ne7 9. Nd2 O-O 10. Nf3 d6 11. h3 c5 12. c3 Rb8 13. Bb3 Be6 14. Bxe6 fxe6 15. Qe2 a5 16. Rd1 Nc6 17. Bg5 Qe8 18. Be3 Ne5 19. Nxe5 Bxe5 20. Rf1 Qb5 21. Qg4 Rbe8 22. Rab1 Bg7 23. Rfd1 Rf7 24. Rdc1 Qc4 25. b3 Qd3 26. c4 Bd4 27. Rd1 Qc3 28. Bxd4 cxd4 29. Rbc1 Qb2 30. Qg3 e5 31. Rf1 Ref8 32. Rcd1 Qxa2 33. f3 Qxb3 34. Rb1 Qxc4 35. Qg4 d3 36. Rfd1 Qd4+ 37. Kh2 a4 38. Qe6 Kg7 39. Qa2 c5 40. Rbc1 Qe3 41. Rd2 Rb8 42. Rcd1 Rb3 43. Qxa4 Rfb7 44. Qc4 Qf4+ 45. Kh1 R7b4 46. Qd5 Rb1 47. Qxd3 1-0

[Event "FIDE WCC Blitz Women 2019"]
[Site "Moscow"]
[Date "2019.12.29"]
[Round "3.53"]
[White "Manakova, Maria"]
[Black "Batsiashvili, Nino"]
[Result "0-1"]
[WhiteElo "2149"]
[BlackElo "2259"]
[Annotator "NA"]
[PlyCount "54"]
[EventDate "2019.12.29"]
[EventType "swiss"]
[EventCountry "RUS"]
[SourceTitle "playchess.com"]
[Source "ChessBase"]
[SourceQuality "1"]

1. e4 e5 2. Nf3 Nc6 3. Bc4 Bc5 4. O-O Nf6 5. d3 a6 6. c3 Ba7 7. h3 d6 8. Bb3 h6 9. Re1 O-O 10. Nbd2 Be6 11. Bc2 Ne7 12. Nf1 Ng6 13. d4 c6 14. Ng3 Qc7 15. Nf5 Rfe8 16. Nh2 Bxf5 17. exf5 Nf8 18. Ng4 N8h7 19. Be3 exd4 20. cxd4 d5 21. Ne5 c5 22. Rc1 cxd4 23. Bxd4 Bxd4 24. Qxd4 Qd6 25. Nc4 Qb4 26. Rxe8+ Rxe8 27. Qd1 dxc4 0-1

[Event "FIDE WCC Blitz Women 2019"]
[Site "Moscow"]
[Date "2019.12.29"]
[Round "3.54"]
[White "Nebolsina, Vera"]
[Black "Guindy, Esmat Susanne"]
[Result "1-0"]
[WhiteElo "2252"]
[BlackElo "2120"]
[Annotator "NA"]
[PlyCount "47"]
[EventDate "2019.12.29"]
[EventType "swiss"]
[EventCountry "RUS"]
[SourceTitle "playchess.com"]
[Source "ChessBase"]
[SourceQuality "1"]

1. e4 e6 2. Qe2 Be7 3. Nf3 d5 4. d3 c5 5. g3 Nc6 6. Bg2 Nf6 7. O-O b6 8. Re1 Bb7 9. Nbd2 Qc7 10. Nf1 O-O-O 11. c3 h6 12. Bd2 g5 13. exd5 Nxd5 14. Ne3 Nxe3 15. Bxe3 e5 16. Rac1 g4 17. Nd2 f5 18. f4 Bf6 19. Nc4 Rhe8 20. Qf2 Rxd3 21. fxe5 Nxe5 22. Qxf5+ Nd7 23. Bxb7+ Qxb7 24. Qxd3 1-0

[Event "FIDE WCC Blitz Women 2019"]
[Site "Moscow"]
[Date "2019.12.29"]
[Round "3.55"]
[White "Khokhlova, Daria"]
[Black "Muetsch, Annmarie"]
[Result "0-1"]
[WhiteElo "2109"]
[BlackElo "2202"]
[Annotator "NA"]
[PlyCount "96"]
[EventDate "2019.12.29"]
[EventType "swiss"]
[EventCountry "RUS"]
[SourceTitle "playchess.com"]
[Source "ChessBase"]
[SourceQuality "1"]

1. d4 Nf6 2. c4 g6 3. Nc3 Bg7 4. e4 d6 5. Be2 O-O 6. f4 c5 7. Nf3 cxd4 8. Nxd4 e5 9. fxe5 dxe5 10. Nc2 Nc6 11. Be3 Be6 12. O-O a6 13. b3 Rc8 14. Bf3 h6 15. Nd5 Kh7 16. Qc1 Bxd5 17. exd5 Ne7 18. Be2 Nf5 19. Bf2 Ne4 20. Bd3 Nfd6 21. Ne3 f5 22. Rb1 Nxf2 23. Rxf2 e4 24. Bc2 Bd4 25. g3 Qg5 26. Rf4 Be5 27. Rf1 f4 28. Ng2 f3 29. Qxg5 hxg5 30. Ne3 Bd4 31. Kf2 Nf5 32. Rfe1 Nxe3 33. Rxe3 g4 34. Rbe1 b5 35. Kf1 Bxe3 36. Rxe3 bxc4 37. b4 Rfe8 38. d6 Rcd8 39. Ba4 Re6 40. d7 Kg7 41. b5 axb5 42. Bxb5 c3 43. Ba4 c2 44. Bxc2 Rxd7 45. Rxe4 Rxe4 46. Bxe4 Rd1+ 47. Kf2 Rd2+ 48. Kf1 Rxa2 0-1

[Event "FIDE WCC Blitz Women 2019"]
[Site "Moscow"]
[Date "2019.12.29"]
[Round "3.56"]
[White "Badelka, Olga"]
[Black "Dauletova, Gulmira"]
[Result "1-0"]
[WhiteElo "2186"]
[BlackElo "2112"]
[Annotator "NA"]
[PlyCount "105"]
[EventDate "2019.12.29"]
[EventType "swiss"]
[EventCountry "RUS"]
[SourceTitle "playchess.com"]
[Source "ChessBase"]
[SourceQuality "1"]

1. c4 e5 2. g3 Nf6 3. Bg2 d5 4. cxd5 Nxd5 5. Nf3 Nc6 6. O-O Be7 7. d4 exd4 8. Nxd4 Nxd4 9. Qxd4 Nf6 10. Qa4+ Bd7 11. Qb3 Rb8 12. Rd1 Qc8 13. Nc3 O-O 14. Bf4 Be6 15. Qa4 a6 16. Rac1 Ra8 17. Ne4 c6 18. Nd6 Bxd6 19. Bxd6 Rd8 20. e4 Ne8 21. Bf4 Rxd1+ 22. Rxd1 Bg4 23. f3 Bh3 24. Qa5 Bxg2 25. Kxg2 h6 26. Qb6 Nf6 27. Qc7 Qxc7 28. Bxc7 Kf8 29. Be5 Ne8 30. Rd7 b5 31. Bd4 a5 32. Bc5+ Kg8 33. e5 b4 34. f4 g6 35. g4 Rb8 36. Kf3 a4 37. Ra7 b3 38. a3 Ng7 39. Rxa4 Ne6 40. Be3 Rd8 41. Rb4 Rd3 42. Ke2 Rd5 43. Rxb3 c5 44. Rd3 Nd4+ 45. Bxd4 cxd4 46. Kf3 Rb5 47. b4 g5 48. Rxd4 gxf4 49. Kxf4 Kg7 50. a4 Rb8 51. b5 Rc8 52. b6 Rb8 53. a5 1-0

[Event "FIDE WCC Blitz Women 2019"]
[Site "Moscow"]
[Date "2019.12.29"]
[Round "3.57"]
[White "Agrest, Inna"]
[Black "Afonasieva, Anna"]
[Result "0-1"]
[WhiteElo "2180"]
[BlackElo "2099"]
[Annotator "NA"]
[PlyCount "63"]
[EventDate "2019.12.29"]
[EventType "swiss"]
[EventCountry "RUS"]
[SourceTitle "playchess.com"]
[Source "ChessBase"]
[SourceQuality "1"]

1. e4 c6 2. d4 d5 3. f3 dxe4 4. Nc3 e6 5. fxe4 Bb4 6. Nf3 Nf6 7. Bd3 c5 8. a3 cxd4 9. axb4 dxc3 10. bxc3 Qc7 11. O-O e5 12. c4 Be6 13. Bb2 Nbd7 14. c5 O-O 15. Ng5 Bg4 16. Qe1 h6 17. Nf3 a5 18. c3 b6 19. cxb6 Qxb6+ 20. Kh1 axb4 21. cxb4 Bxf3 22. Rxf3 Rab8 23. Bc3 Rfc8 24. h3 Qc7 25. Bd2 Qd6 26. Qh4 Kh7 27. Raf1 Ra8 28. Bg5 Ra3 29. Be2 Rxf3 30. Bxf3 Rb8 31. Bg4 Nxg4 32. Bd2 0-1

[Event "FIDE WCC Blitz Women 2019"]
[Site "Moscow"]
[Date "2019.12.29"]
[Round "3.58"]
[White "Lelekova, Olga"]
[Black "Nosacheva, Mariya"]
[Result "1-0"]
[WhiteElo "2176"]
[BlackElo "2062"]
[Annotator "NA"]
[PlyCount "101"]
[EventDate "2019.12.29"]
[EventType "swiss"]
[EventCountry "RUS"]
[SourceTitle "playchess.com"]
[Source "ChessBase"]
[SourceQuality "1"]

1. e4 e5 2. Nf3 Nc6 3. Bb5 a6 4. Ba4 Nge7 5. Qe2 g6 6. O-O Bg7 7. c3 b5 8. Bb3 O-O 9. Rd1 d6 10. d3 Na5 11. Bc2 c5 12. Nbd2 h6 13. Nf1 f5 14. d4 Qc7 15. Ne3 f4 16. Nd5 Qb7 17. dxc5 dxc5 18. a4 c4 19. axb5 axb5 20. Nxe7+ Qxe7 21. b4 cxb3 22. Bxb3+ Nxb3 23. Rxa8 Nxc1 24. Rxc1 Qb7 25. Rca1 Be6 26. R8a7 Qb8 27. Qd2 Rd8 28. Qb2 Bc4 29. Qb4 Bf8 30. Qa5 Bc5 31. Ra8 Qxa8 32. Qxa8 Rxa8 33. Rxa8+ Kg7 34. Nxe5 Bb3 35. Ra5 Ba4 36. c4 Bb4 37. Ra7+ Kf6 38. Nd7+ Ke6 39. cxb5 Bxb5 40. Rb7 Bxd7 41. Rxb4 Ke5 42. f3 g5 43. Kf1 g4 44. Ke2 h5 45. Rb7 Be6 46. Rh7 gxf3+ 47. gxf3 Bc4+ 48. Kd2 Bf1 49. Rxh5+ Kd4 50. Rd5+ Kc4 51. h4 1-0

[Event "FIDE WCC Blitz Women 2019"]
[Site "Moscow"]
[Date "2019.12.29"]
[Round "3.59"]
[White "Fominykh, Maria"]
[Black "Karavaeva, Olga"]
[Result "1-0"]
[WhiteElo "2055"]
[BlackElo "2174"]
[Annotator "NA"]
[PlyCount "117"]
[EventDate "2019.12.29"]
[EventType "swiss"]
[EventCountry "RUS"]
[SourceTitle "playchess.com"]
[Source "ChessBase"]
[SourceQuality "1"]

1. Nf3 d5 2. g3 c6 3. Bg2 Nf6 4. b3 Nbd7 5. Bb2 e6 6. d3 Bd6 7. Nbd2 O-O 8. e4 dxe4 9. dxe4 Bb4 10. O-O Qe7 11. a3 Ba5 12. b4 Bc7 13. e5 Ng4 14. Qe2 a5 15. h3 Nh6 16. Qe4 axb4 17. axb4 Rxa1 18. Rxa1 Rd8 19. Nf1 Nb6 20. Bc1 Nf5 21. Bg5 f6 22. exf6 gxf6 23. Bd2 Nd5 24. g4 Ng7 25. Rb1 e5 26. c4 Nb6 27. Nh4 Rd4 28. Qe2 Nxc4 29. Bc3 Rf4 30. b5 Bb6 31. bxc6 Bxf2+ 32. Kh1 Bxh4 33. cxb7 Bxb7 34. Rxb7 Qd6 35. Bb4 Qd4 36. Rb8+ Kf7 37. Rb7+ Kg6 38. Qc2+ e4 39. Qe2 Ne6 40. Re7 Ng5 41. Rc7 Ne5 42. Bc5 Qa1 43. Kh2 Nef3+ 44. Bxf3 Nxf3+ 45. Kg2 Ne1+ 46. Kg1 Nf3+ 47. Kg2 Ne1+ 48. Kg1 Nd3 49. Kg2 Ne1+ 50. Kg1 Nd3 51. Bf8 f5 52. gxf5+ Kxf5 53. Qh5+ Bg5 54. Qxh7+ Ke6 55. Qd7+ Kf6 56. Qg7+ Kf5 57. Qxa1 Nf2 58. Ng3+ Kg6 59. Qg7# 1-0

[Event "FIDE WCC Blitz Women 2019"]
[Site "Moscow"]
[Date "2019.12.29"]
[Round "3.60"]
[White "Balaian, Alina"]
[Black "Barchuk, Irina"]
[Result "1-0"]
[WhiteElo "2173"]
[BlackElo "2047"]
[Annotator "NA"]
[PlyCount "90"]
[EventDate "2019.12.29"]
[EventType "swiss"]
[EventCountry "RUS"]
[SourceTitle "playchess.com"]
[Source "ChessBase"]
[SourceQuality "1"]

1. e4 c5 2. Nc3 Nc6 3. g3 g6 4. d3 Bg7 5. Be3 d6 6. Qd2 e6 7. Bg2 Rb8 8. Nge2 b5 9. O-O b4 10. Nd1 a5 11. d4 c4 12. d5 Ne5 13. Nd4 Bd7 14. c3 Ng4 15. Bg5 Ne7 16. h3 Ne5 17. Bh6 O-O 18. Bxg7 Kxg7 19. f4 Nd3 20. Nf2 Nxf2 21. Rxf2 e5 22. fxe5 dxe5 23. Nf3 f6 24. g4 Qb6 25. Kh1 h6 26. Raf1 Nc8 27. Qe2 Nd6 28. Nd2 bxc3 29. bxc3 Qb2 30. Qe3 Qxa2 31. Qc5 Ne8 32. Nxc4 Rc8 33. Qxf8+ Kxf8 34. Rxa2 Rxc4 35. Rxa5 Rxc3 36. Ra8 Ke7 37. Ra7 Nd6 38. Rb1 Re3 39. Rb8 Re1+ 40. Kh2 Re2 41. Rh8 f5 42. Rh7+ Nf7 43. gxf5 gxf5 44. exf5 Rf2 45. d6+ Kxd6 1-0

[Event "FIDE WCC Blitz Women 2019"]
[Site "Moscow"]
[Date "2019.12.29"]
[Round "3.61"]
[White "Fatianova, Tatiana"]
[Black "Ovod, Evgenija"]
[Result "0-1"]
[WhiteElo "2029"]
[BlackElo "2163"]
[Annotator "NA"]
[PlyCount "106"]
[EventDate "2019.12.29"]
[EventType "swiss"]
[EventCountry "RUS"]
[SourceTitle "playchess.com"]
[Source "ChessBase"]
[SourceQuality "1"]

1. e4 e6 2. Nf3 c5 3. b3 b6 4. Bb2 Bb7 5. d3 d6 6. Be2 Nd7 7. O-O Ngf6 8. Nbd2 Be7 9. a4 a6 10. Qe1 O-O 11. e5 Nd5 12. Ne4 dxe5 13. Nxe5 f6 14. Nc4 e5 15. Qd1 b5 16. Ne3 Nf4 17. Nf5 Nxe2+ 18. Qxe2 Bc6 19. Nxe7+ Qxe7 20. a5 Bd5 21. Ba3 Rfc8 22. c4 Bf7 23. Rfe1 b4 24. Bb2 Nf8 25. Ng3 Qd7 26. Rad1 Bg6 27. Qe3 Ne6 28. Ne4 Rc7 29. g3 Rd8 30. f4 exf4 31. gxf4 Nd4 32. Bxd4 cxd4 33. Qf3 Qf5 34. Ng3 Qxa5 35. f5 Bf7 36. Qf4 h6 37. Ra1 Qc5 38. Rxa6 Ra7 39. Rea1 Rxa6 40. Rxa6 Re8 41. Ne4 Qe7 42. Rb6 Ra8 43. Qd6 Qe8 44. Qxb4 Qe5 45. Rb5 Ra1+ 46. Kg2 Qf4 47. Ng3 Ra2+ 48. Kh3 Qf2 49. Rb8+ Kh7 50. Qe7 Qxh2+ 51. Kg4 h5+ 52. Kf3 Qg2+ 53. Kf4 Rf2# 0-1

[Event "FIDE WCC Blitz Women 2019"]
[Site "Moscow"]
[Date "2019.12.29"]
[Round "4.1"]
[White "Paehtz, Elisabeth"]
[Black "Lagno, Kateryna"]
[Result "1/2-1/2"]
[WhiteElo "2380"]
[BlackElo "2606"]
[Annotator "TA"]
[PlyCount "69"]
[EventDate "2019.12.29"]
[EventType "swiss"]
[EventCountry "RUS"]
[SourceTitle "playchess.com"]
[Source "ChessBase"]
[SourceQuality "1"]

1. d4 Nf6 2. Nf3 g6 3. Bg5 Bg7 4. Nbd2 d5 5. c3 O-O 6. e3 c5 7. Be2 b6 8. O-O Bb7 9. Bh4 Nbd7 10. a4 a5 11. h3 h6 12. Bg3 Ne4 13. Nxe4 dxe4 14. Ne5 Nxe5 15. dxe5 Qxd1 16. Rfxd1 Rfd8 17. Bb5 Bd5 18. e6 Bb3 19. Rd7 Rxd7 20. exd7 e5 21. f4 exf3 22. gxf3 Kf8 23. f4 f6 24. fxe5 fxe5 25. c4 Ke7 26. Rc1 Rf8 27. Kg2 g5 28. e4 h5 29. Rc3 Bd1 30. Rd3 Bc2 31. Re3 Bf6 32. Re2 Bd3 33. Re3 Bc2 34. Re2 Bd3 35. Re3 1/2-1/2

[Event "FIDE WCC Blitz Women 2019"]
[Site "Moscow"]
[Date "2019.12.29"]
[Round "4.3"]
[White "Zhukova, Natalia"]
[Black "Koneru, Humpy"]
[Result "0-1"]
[WhiteElo "2239"]
[BlackElo "2489"]
[Annotator "TA"]
[PlyCount "56"]
[EventDate "2019.12.29"]
[EventType "swiss"]
[EventCountry "RUS"]
[SourceTitle "playchess.com"]
[Source "ChessBase"]
[SourceQuality "1"]

1. c4 Nf6 2. Nc3 e5 3. Nf3 Nc6 4. e4 Bb4 5. d3 d6 6. a3 Bxc3+ 7. bxc3 h6 8. g3 O-O 9. Bg2 Be6 10. O-O Qc8 11. Rb1 b6 12. Nh4 Bh3 13. Nf5 Bxg2 14. Kxg2 Qe6 15. f4 Ne7 16. fxe5 dxe5 17. Rb2 Rad8 18. Nxe7+ Qxe7 19. Qf3 Nd7 20. d4 exd4 21. cxd4 c5 22. d5 Rfe8 23. Re2 Ne5 24. Qc3 f6 25. Bb2 Qd7 26. Rf5 Qa4 27. Rc2 b5 28. Qe1 Qxc2+ 0-1

[Event "FIDE WCC Blitz Women 2019"]
[Site "Moscow"]
[Date "2019.12.29"]
[Round "4.4"]
[White "Gvetadze, Sofio"]
[Black "Sargsyan, Anna"]
[Result "0-1"]
[WhiteElo "2202"]
[BlackElo "1708"]
[Annotator "NA"]
[PlyCount "126"]
[EventDate "2019.12.29"]
[EventType "swiss"]
[EventCountry "RUS"]
[SourceTitle "playchess.com"]
[Source "ChessBase"]
[SourceQuality "1"]

1. Nf3 d5 2. g3 Bg4 3. Bg2 Nd7 4. O-O c6 5. d3 e6 6. Nbd2 Bd6 7. e4 Ne7 8. Qe1 O-O 9. e5 Bc7 10. h3 Bh5 11. Nb3 Bxf3 12. Bxf3 Nxe5 13. Bg2 Nd7 14. d4 Nf6 15. Bg5 Nf5 16. c3 h6 17. Bd2 Re8 18. f4 Nd6 19. Nc5 b6 20. Nd3 Nde4 21. Ne5 c5 22. Be3 cxd4 23. cxd4 Bd6 24. g4 Nh7 25. h4 f6 26. Nd3 Rc8 27. Bf3 Qd7 28. Be2 Rc2 29. Bd1 Rc7 30. g5 hxg5 31. hxg5 fxg5 32. fxg5 Ng3 33. Rf2 Nf5 34. Rg2 g6 35. Bf4 Nxd4 36. Be5 Rf8 37. Qg3 Nf5 38. Qh3 Bxe5 39. Nxe5 Qg7 40. Ng4 Nxg5 41. Qd3 Qd4+ 42. Qxd4 Nxd4 43. Ne5 Ngf3+ 44. Nxf3 Nxf3+ 45. Bxf3 Rxf3 46. Rxg6+ Kf7 47. Rg2 Kf6 48. Rd1 Rg7 49. Rd4 Rxg2+ 50. Kxg2 Re3 51. Kf2 Re4 52. Rd3 Ke5 53. Rh3 Kd4 54. Rh7 a5 55. Rc7 e5 56. a4 Kd3 57. Rd7 d4 58. Rb7 Re2+ 59. Kf1 Rxb2 60. Rh7 e4 61. Rh3+ e3 62. Rg3 Rb1+ 63. Kg2 Kd2 0-1

[Event "FIDE WCC Blitz Women 2019"]
[Site "Moscow"]
[Date "2019.12.29"]
[Round "4.5"]
[White "Lei, Tingjie"]
[Black "Nazarova, Anastasia"]
[Result "1-0"]
[WhiteElo "2543"]
[BlackElo "2049"]
[Annotator "ChessBase"]
[PlyCount "85"]
[EventDate "2019.12.29"]
[EventType "swiss"]
[EventCountry "RUS"]
[SourceTitle "playchess.com"]
[Source "ChessBase"]
[SourceQuality "1"]

1. d4 d5 2. c4 e6 3. Nc3 Nf6 4. cxd5 exd5 5. Bg5 Be7 6. e3 c6 7. Qc2 Nbd7 8. Bd3 Nh5 9. Bxe7 Qxe7 10. Nge2 g6 11. O-O-O Nb6 12. h3 Bd7 13. Kb1 O-O-O 14. Rc1 Kb8 15. Rhe1 Ng7 16. Na4 Nxa4 17. Qxa4 Bf5 18. Bxf5 Nxf5 19. Ka1 Nd6 20. Nc3 f5 21. Qb4 Nc8 22. Qb3 Rhe8 23. Na4 Ka8 24. Rc5 f4 25. Qc2 fxe3 26. Rxe3 Qf6 27. a3 Rxe3 28. fxe3 Re8 29. Rc3 Nb6 30. Nxb6+ axb6 31. Rb3 b5 32. Rc3 Kb8 33. Ka2 Qg5 34. Qf2 Qe7 35. Qd2 Rf8 36. Rc5 Rf1 37. a4 bxa4 38. Qa5 Rf8 39. Qb4 Kc7 40. Rxc6+ Kxc6 41. Qxe7 Rf2 42. Qe6+ Kc7 43. Qxd5 1-0

[Event "FIDE WCC Blitz Women 2019"]
[Site "Moscow"]
[Date "2019.12.29"]
[Round "4.6"]
[White "Tan, Zhongyi"]
[Black "Bulmaga, Irina"]
[Result "1-0"]
[WhiteElo "2480"]
[BlackElo "2308"]
[Annotator "ChessBase"]
[PlyCount "119"]
[EventDate "2019.12.29"]
[EventType "swiss"]
[EventCountry "RUS"]
[SourceTitle "playchess.com"]
[Source "ChessBase"]
[SourceQuality "1"]

1. d4 Nf6 2. Bg5 e6 3. e4 h6 4. Bxf6 Qxf6 5. Nf3 d6 6. Bd3 Nc6 7. O-O g5 8. c3 Bg7 9. Na3 O-O 10. Qe2 e5 11. d5 Ne7 12. Nb5 a6 13. Na3 Bg4 14. Qe3 Bxf3 15. Qxf3 Qxf3 16. gxf3 f5 17. c4 fxe4 18. fxe4 Ng6 19. Rfc1 b6 20. Rc3 a5 21. Nb5 Rf7 22. Rac1 Raf8 23. R1c2 g4 24. a3 Bf6 25. Be2 h5 26. f3 Nf4 27. fxg4 hxg4 28. Rg3 Rg7 29. Bd1 Rff7 30. Kh1 Bh4 31. Rxg4 Rxg4 32. Bxg4 Kg7 33. Bf5 Kh6 34. Rc1 Bf2 35. Rf1 Bc5 36. b3 Rg7 37. h4 Kh5 38. Kh2 Kxh4 39. Kh1 Rg3 40. Nxc7 Rxb3 41. Ne6 Be3 42. a4 Rb2 43. Nxf4 Bxf4 44. Rf3 Rb4 45. Rh3+ Kg5 46. Rh8 Rxa4 47. Rg8+ Kf6 48. Rg6+ Ke7 49. Re6+ Kf7 50. Rxd6 Rxc4 51. Rxb6 a4 52. d6 a3 53. d7 Bg5 54. Be6+ Ke7 55. Bxc4 Kxd7 56. Ra6 Be7 57. Kg2 Kc7 58. Kf3 Kb7 59. Kg4 Bc5 60. Kf5 1-0

[Event "FIDE WCC Blitz Women 2019"]
[Site "Moscow"]
[Date "2019.12.29"]
[Round "4.7"]
[White "Arabidze, Meri"]
[Black "Voit, Daria"]
[Result "0-1"]
[WhiteElo "2412"]
[BlackElo "2293"]
[Annotator "TA"]
[PlyCount "50"]
[EventDate "2019.12.29"]
[EventType "swiss"]
[EventCountry "RUS"]
[SourceTitle "playchess.com"]
[Source "ChessBase"]
[SourceQuality "1"]

1. Nf3 Nf6 2. c4 c5 3. Nc3 Nc6 4. e3 e5 5. d4 e4 6. Ng5 cxd4 7. exd4 Bb4 8. d5 Ne5 9. Qd4 d6 10. Ngxe4 Bf5 11. Ng3 Bg6 12. Be2 O-O 13. O-O Re8 14. Kh1 Bc5 15. Qd1 Qd7 16. h3 Bf5 17. Nxf5 Qxf5 18. f4 Ng6 19. Bd3 Qd7 20. Qf3 Nh4 21. Qg3 Nf5 22. Qg5 Ne3 23. Bxe3 Rxe3 24. Rad1 Rae8 25. b3 Rxh3+ 0-1

[Event "FIDE WCC Blitz Women 2019"]
[Site "Moscow"]
[Date "2019.12.29"]
[Round "4.8"]
[White "Charochkina, Daria"]
[Black "Bodnaruk, Anastasia"]
[Result "0-1"]
[WhiteElo "2212"]
[BlackElo "2375"]
[Annotator "NA"]
[PlyCount "90"]
[EventDate "2019.12.29"]
[EventType "swiss"]
[EventCountry "RUS"]
[SourceTitle "playchess.com"]
[Source "ChessBase"]
[SourceQuality "1"]

1. d4 Nf6 2. Bg5 d5 3. Bxf6 exf6 4. e3 Bd6 5. c4 dxc4 6. Bxc4 f5 7. Nf3 O-O 8. O-O Nd7 9. Qc2 Nf6 10. Nc3 c6 11. Rfd1 Qe7 12. Rac1 Ne4 13. Bd3 Re8 14. Ne2 g5 15. Ng3 Bd7 16. Nd2 Nxg3 17. hxg3 Qf6 18. Nf3 h6 19. Bc4 Re7 20. a3 Rae8 21. b4 f4 22. gxf4 gxf4 23. exf4 Bxf4 24. Rb1 Bf5 25. Bd3 Bg4 26. Re1 Bxf3 27. Rxe7 Rxe7 28. gxf3 Qh4 29. Be4 f5 30. Qc4+ Kg7 31. d5 fxe4 32. Qd4+ Be5 33. Qd1 Qh2+ 34. Kf1 Qh1+ 35. Ke2 Qxf3+ 36. Kd2 Qd3+ 37. Kc1 Qc3+ 38. Qc2 Qxc2+ 39. Kxc2 cxd5 40. Rd1 d4 41. Rg1+ Kf6 42. Rg8 d3+ 43. Kd2 Bf4+ 44. Kc3 Rc7+ 45. Kd4 d2 0-1

[Event "FIDE WCC Blitz Women 2019"]
[Site "Moscow"]
[Date "2019.12.29"]
[Round "4.9"]
[White "Muzychuk, Anna"]
[Black "Mamedjarova, Turkan"]
[Result "1/2-1/2"]
[WhiteElo "2504"]
[BlackElo "2273"]
[Annotator "ChessBase"]
[PlyCount "101"]
[EventDate "2019.12.29"]
[EventType "swiss"]
[EventCountry "RUS"]
[SourceTitle "playchess.com"]
[Source "ChessBase"]
[SourceQuality "1"]

1. e4 e5 2. Nf3 Nc6 3. Nc3 Nf6 4. Bb5 Bc5 5. O-O d6 6. d4 exd4 7. Nxd4 Bxd4 8. Qxd4 O-O 9. Qd3 Ne5 10. Qe2 a6 11. Bd3 Re8 12. Bg5 h6 13. Bh4 c6 14. Rad1 Ng6 15. Bg3 Qb6 16. Bxd6 Bg4 17. Qd2 Bxd1 18. Rxd1 Rad8 19. Bg3 Ne5 20. Bxe5 Rxe5 21. Qf4 Rde8 22. b3 Qb4 23. Ne2 Qc5 24. Ng3 Nh5 25. Nxh5 Rxh5 26. h3 Rhe5 27. a4 Qc3 28. Kh2 R5e7 29. Kg1 Qe5 30. Qxe5 Rxe5 31. f4 R5e7 32. Kf2 Rd7 33. Kf3 Kf8 34. Re1 Red8 35. h4 Ke7 36. Re3 Rd4 37. g4 c5 38. e5 Rb4 39. Bc4 b5 40. axb5 axb5 41. c3 Rxc4 42. bxc4 bxc4 43. Ke4 Rd1 44. f5 g6 45. fxg6 fxg6 46. Rf3 h5 47. gxh5 gxh5 48. Kf5 Rd3 49. Ke4 Rd1 50. Kf5 Rd3 51. Ke4 1/2-1/2

[Event "FIDE WCC Blitz Women 2019"]
[Site "Moscow"]
[Date "2019.12.29"]
[Round "4.10"]
[White "Kulon, Klaudia"]
[Black "Mkrtchian, Lilit"]
[Result "0-1"]
[WhiteElo "2457"]
[BlackElo "2268"]
[Annotator "ChessBase"]
[PlyCount "70"]
[EventDate "2019.12.29"]
[EventType "swiss"]
[EventCountry "RUS"]
[SourceTitle "playchess.com"]
[Source "ChessBase"]
[SourceQuality "1"]

1. c4 e5 2. g3 Nf6 3. Bg2 c6 4. d4 e4 5. d5 Bb4+ 6. Nc3 Bxc3+ 7. bxc3 d6 8. Bg5 h6 9. Bf4 cxd5 10. cxd5 O-O 11. h4 Bf5 12. e3 Qc7 13. Ne2 Nbd7 14. Nd4 Bg4 15. Nb5 Qc4 16. Bf1 Qxd5 17. Qc2 Ne5 18. Be2 Nd3+ 19. Kf1 Qxb5 20. Bxd6 Rfd8 21. c4 Bxe2+ 22. Qxe2 Qxc4 23. Ba3 Qc3 24. Rb1 Qxa3 25. Kg2 b6 26. Rb3 Qe7 27. g4 Qe6 28. Kg3 Ne5 29. g5 Nd5 30. Qh5 Nf3 31. gxh6 Qxh6 32. Qg4 Nf6 33. Qf5 Rd5 34. Qh3 Qg6+ 35. Kf4 Nh5# 0-1

[Event "FIDE WCC Blitz Women 2019"]
[Site "Moscow"]
[Date "2019.12.29"]
[Round "4.11"]
[White "Ambartsumova, Karina"]
[Black "Stefanova, Antoaneta"]
[Result "1-0"]
[WhiteElo "2254"]
[BlackElo "2452"]
[Annotator "ChessBase"]
[PlyCount "135"]
[EventDate "2019.12.29"]
[EventType "swiss"]
[EventCountry "RUS"]
[SourceTitle "playchess.com"]
[Source "ChessBase"]
[SourceQuality "1"]

1. Nf3 d5 2. c4 e6 3. g3 dxc4 4. Qa4+ Nd7 5. Qxc4 a6 6. a4 b5 7. Qc2 Bb7 8. Bg2 c5 9. O-O Ngf6 10. d3 Be7 11. Nc3 b4 12. Nb1 a5 13. Nbd2 Nb6 14. Nc4 Nxc4 15. Qxc4 O-O 16. Qc2 Nd5 17. Bd2 Rc8 18. e4 Nb6 19. Ne5 Ba6 20. Rfd1 Bf6 21. Nc4 Bxc4 22. dxc4 Bd4 23. Be3 e5 24. Rac1 Qe7 25. Qe2 Nxa4 26. Bxd4 cxd4 27. Ra1 Nb6 28. Rxa5 Nxc4 29. Rb5 Rfd8 30. b3 Na3 31. Rd5 g6 32. h4 Rc2 33. Qa6 Rdc8 34. Bh3 R8c3 35. Rd7 Qf8 36. Qf6 Rc8 37. Rxf7 Qxf7 38. Be6 Rf8 39. Qxe5 Rxf2 40. Bxf7+ R8xf7 41. Qxd4 Nc2 42. Qxf2 Rxf2 43. Kxf2 Kf7 44. Rd2 Na1 45. Rb2 Ke6 46. Ke3 Ke5 47. Kd2 Kxe4 48. Kc1 Kf3 49. Kb1 Kxg3 50. Kxa1 Kxh4 51. Rd2 g5 52. Rd4+ g4 53. Rxb4 h5 54. Rb8 g3 55. Rg8 Kh3 56. b4 g2 57. b5 Kh2 58. b6 g1=Q+ 59. Rxg1 Kxg1 60. b7 h4 61. b8=Q Kg2 62. Qb7+ Kg3 63. Qc7+ Kg2 64. Qc6+ Kg3 65. Qd6+ Kg2 66. Qd5+ Kg3 67. Qe5+ Kg2 68. Qg5+ 1-0

[Event "FIDE WCC Blitz Women 2019"]
[Site "Moscow"]
[Date "2019.12.29"]
[Round "4.12"]
[White "Guseva, Marina"]
[Black "Dzagnidze, Nana"]
[Result "0-1"]
[WhiteElo "2245"]
[BlackElo "2432"]
[Annotator "NA"]
[PlyCount "109"]
[EventDate "2019.12.29"]
[EventType "swiss"]
[EventCountry "RUS"]
[SourceTitle "playchess.com"]
[Source "ChessBase"]
[SourceQuality "1"]

1. d4 Nf6 2. c4 e6 3. Nc3 Bb4 4. f3 c5 5. d5 O-O 6. e4 d6 7. Nge2 b5 8. Ng3 bxc4 9. Bxc4 Ba6 10. Bxa6 Nxa6 11. O-O Nc7 12. dxe6 fxe6 13. a3 Ba5 14. Be3 Rb8 15. Rb1 Bb6 16. Na4 Qe7 17. Nxb6 axb6 18. Re1 Rfd8 19. b4 d5 20. exd5 Ncxd5 21. Qb3 cxb4 22. axb4 Rbc8 23. Bf2 Qf7 24. b5 h6 25. Rbc1 Qd7 26. Ne4 Rxc1 27. Rxc1 Nxe4 28. fxe4 Nf6 29. Bxb6 Rb8 30. Be3 Rxb5 31. Qc4 Re5 32. Qc8+ Qxc8 33. Rxc8+ Kf7 34. Rc7+ Kg6 35. Bd4 Rxe4 36. Bxf6 gxf6 37. Kf2 f5 38. Kf3 h5 39. g3 Ra4 40. h3 Kf6 41. h4 Ra3+ 42. Kf2 Ke5 43. Rh7 Ke4 44. Rxh5 Ra2+ 45. Ke1 Ke3 46. Kd1 Kf3 47. Rg5 Rh2 48. Ke1 Ke4 49. Kf1 f4 50. gxf4 Kxf4 51. Rg6 e5 52. Rf6+ Ke3 53. Rh6 e4 54. h5 Rh4 55. Kg2 0-1